| 000 | 02530cas a2200673 4500 | ||
|---|---|---|---|
| 999 |
_c57607 _d57607 |
||
| 001 | 11177578 | ||
| 005 | 20221105195215.0 | ||
| 008 | 740402s2020 nyuar b 0 a0eng | ||
| 010 | _a 74641062 | ||
| 016 | 7 |
_a0411246 _2DNLM |
|
| 016 | 7 |
_aC56100000 _2DNLM |
|
| 020 | _a9781260455281 1 | ||
| 022 | 0 |
_a0092-8682 _l0092-8682 _21 |
|
| 035 | _a(OCoLC)ocm01791712 | ||
| 041 | _aeng | ||
| 080 | _a616.07 C-95 | ||
| 082 | 0 | 4 | _2 |
| 245 | 0 | 0 |
_aCurrent medical diagnosis & treatment. _cEdited M. Papadakis, S. McPhee, M. Radow |
| 246 | 3 | _aCurrent medical diagnosis and treatment | |
| 246 | 1 |
_iAlso known as: _aCMDT |
|
| 246 | 1 |
_iTitle page has title <2009->: _aLange ... current medical diagnosis & treatment |
|
| 250 | _afifty - ninth edition | ||
| 264 |
_aNew York, _bMcGraw-Hill Companies, Inc., _c2020. |
||
| 300 |
_a1915 p.: _billustrations, _c26 cm. |
||
| 310 | _aAnnual | ||
| 362 | 0 | _a1974- | |
| 530 | _aAvailable online. | ||
| 580 | _aAvailable also on CD-ROM. | ||
| 650 | 0 |
_aDiagnosis _vPeriodicals. _99203 |
|
| 650 | 0 |
_aTherapeutics _vPeriodicals. _99204 |
|
| 650 | 6 |
_aDiagnostics _vPériodiques. _99205 |
|
| 650 | 6 |
_aThérapeutique _vPériodiques. _99206 |
|
| 650 | 6 |
_aMédecine clinique _vPériodiques. _99207 |
|
| 650 | 7 |
_a44.50 diagnostic and therapy: general. _0(NL-LeOCL)077596471 _2bcl _99208 |
|
| 650 | 7 |
_aDiagnosis. _2fast _0(OCoLC)fst00892273 _99209 |
|
| 650 | 7 |
_aTherapeutics. _2fast _0(OCoLC)fst01149694 _99210 |
|
| 650 | 1 | 7 |
_aDiagnose. _2gtt _99211 |
| 650 | 1 | 7 |
_aTherapieën. _2gtt _99212 |
| 650 | 2 |
_aDiagnosis. _99209 |
|
| 650 | 2 |
_aTherapeutics. _99210 |
|
| 653 | _aმედიცინა | ||
| 653 | _aთერაპია | ||
| 653 | _aდიაგნოსტიკა | ||
| 655 | 7 |
_aPeriodicals. _2fast _0(OCoLC)fst01411641 _97159 |
|
| 655 | 7 |
_aEducational tools (form) _0(NL-LeOCL)088143767 _2gtt _99213 |
|
| 655 | 7 |
_aPeriodicals. _2lcgft _97159 |
|
| 655 | 2 |
_aPeriodical. _97155 |
|
| 700 |
_a Papadakis, M. _eრედაქტორი _99214 |
||
| 700 |
_a McPhee, S. _eრედაქტორი _99215 |
||
| 700 |
_aRadow, M. W. _eრედაქტორი _99216 |
||
| 850 |
_aAzTeS _aCSf _aCU _aCU-A _aCU-Riv _aCaOWtU _aCoU _aDLC _aFU _aIU _aInU _aKyLoU _aLU _aMBU _aMChB _aMoSW-M _aNBuU-SE _aNbU-M _aNcRS _aNhU _aNjR _aOC _aOCl _aOClW-H _aPU _aTxU _aViBlbV |
||
| 853 | 2 | 0 |
_81 _a(year) _wa |
| 853 | 2 | 0 |
_82 _a+ed. _i(year) _wa |
| 863 | 4 | 1 |
_81.1 _a<2002> |
| 863 | 4 | 0 |
_82.1 _a<43> _i<2004> |
| 906 |
_a7 _bcbc _cserials _d2 _encip _f19 _gn-oclcserc |
||
| 942 |
_2udc _cBK |
||
| 984 |
_asrvf _d2001-01-06 |
||